Guess the Movie from Outfit - Statistics

General Stats
  • This quiz has been taken 39 times
  • The average score is 7 of 16
Answer Stats
Picture Answer % Correct
Forrest Gump
91%
La La Land
88%
Titanic
65%
Black Swan
56%
Grease
53%
Breakfast at Tiffany's
44%
Pretty Woman
44%
How to lose a guy in 10 days
41%
When Harry met Sally
41%
The Notebook
38%
Basic Instinct
32%
Cruella
26%
Harry Potter and the Goblet of Fire
21%
Atonement
12%
Mr. & Mrs. Smith
12%
Seven Year Itch
9%
No matching quizzes found
Score Distribution
Percent of People with Each Score
Percentile by Number Answered
Your Score History
You have not taken this quiz